Pig Latin Dickens Quiz Stats

 Plays Quiz not verified by Sporcle

Score 0/15 Timer 04:00
0 Plays Today
% Correct
And I am bored to death with it... bored to death with my life, bored to death with myself.
90.2%
Annual income twenty pounds, annual expenditure nineteen [pounds] nineteen [shillings] and six [pence], result: happiness.
84.5%
Fan the sinking flame of hilarity with the wing of friendship; and pass the rosy wine.
82.2%
Bah! Humbug.
82%
He'd be sharper than a serpent's tooth, if he wasn't as dull as ditchwater.
81.8%
Some people will be Rooshans, and others may be Prooshans; they are born so, and will please themselves.
81.1%
I am well aware that I am the 'umblest person going.
80.9%
One always begins to forgive a place as soon as it's left behind.
80.7%
% Correct
If the law supposes that... the law is a ass - a idiot.
80.6%
Subdue your appetites, my dears, and you've conquered human nature.
80.2%
Man is but mortal; and there is a point beyond which human courage cannot extend.
79.9%
It is a far, far better thing that I do, than I have ever done.
79.7%
Now, what I want is Facts. Teach these boys and girls nothing but Facts.
79.7%
It was the best of times, it was the worst of times.
79.6%
I loved her against reason, against promise, against peace, against hope, against happiness.
79.3%

You're not logged in!

Compare scores with friends on all Sporcle quizzes.
OR
Log In

Show Comments

Extras

Top Quizzes Today


Score Distribution

Your Account Isn't Verified!

In order to create a playlist on Sporcle, you need to verify the email address you used during registration. Go to your Sporcle Settings to finish the process.

Report this User

Report this user for behavior that violates our Community Guidelines.

Details: